000 00469nam a2200193Ia 4500
008 230125s9999 xx 000 0 und d
041 _aeng
082 _a658.404
_bDES
100 _aDesai V
_9106233
245 _aProject Management
250 _a3rd Ed.
260 _c2009
_bHimalaya Publishing House
_aPune
300 _a871p
500 _aProject management
650 _aManagement
700 _aDesai V
_9106233
906 _b78
999 _c89254
_d89254